000 00447nmm a2200157Ia 4500
008 251105s9999||||xx |||||||||||||||||und||
020 _a9788467191363
041 _aspa
100 _aJames, Melissa
245 0 _aHeridas y secretos
264 _a[Madrid, España] :
_bHarlequin,
_c[Fecha de publicación no identificada]
300 _a0 páginas
650 _aRomance
856 _uhttps://public.digitaliapublishing.com/a/90065
942 _cCF
999 _c83654
_d83654